| 000 | 00392nam a2200169Ia 4500 | ||
|---|---|---|---|
| 008 | 230524s9999 xx 000 0 und d | ||
| 020 | _a9780070648227 | ||
| 082 |
_a4 _bBAL |
||
| 100 | _aE.Balagurusamy | ||
| 245 | 0 | _aProgramming in ANCI C | |
| 250 | _a3RD | ||
| 260 |
_aNEW DELHI _bTMH _c2004 |
||
| 300 | _aXIV;493 | ||
| 500 | _aQuantity Number: 972 | ||
| 650 | _aComp-Sc | ||
| 942 | _cBK | ||
| 999 |
_c21441 _d21441 |
||